Language Quiz

Random Language or Letter Quiz

Most Common 3-letter Combos Quiz Stats

 Plays Quiz not verified by Sporcle

Score 0/50 Timer 05:00
0 Plays Today
% Correct
and
90%
are
87.6%
ate
82.3%
all
81.7%
ing
80%
one
79.7%
con
78.9%
the
78.8%
est
76.4%
ion
75.8%
her
75.4%
for
74.8%
ent
74.3%
com
73.3%
ear
73.3%
men
72.9%
ist
71.4%
not
70.9%
our
70.3%
per
69.9%
ere
69.6%
int
69.1%
his
68.2%
ter
67.5%
ers
67.4%
% Correct
pro
66.2%
tha
63.9%
sta
63.7%
ted
63.4%
ive
63.3%
ess
59.9%
res
58.1%
thi
57.8%
hat
57.2%
was
55.4%
ain
54.4%
rat
54.4%
ith
50.8%
eve
50.5%
nce
50.2%
ons
47.7%
rea
46.3%
ver
41.9%
tio
39.5%
ect
37.1%
wit
36.1%
iti
28.1%
ati
26.7%
ica
21.4%
cti
19.8%

You're not logged in!

Compare scores with friends on all Sporcle quizzes.
OR
Log In

Show Comments

Extras

Top Quizzes Today


Score Distribution

Your Account Isn't Verified!

In order to create a playlist on Sporcle, you need to verify the email address you used during registration. Go to your Sporcle Settings to finish the process.

Report this User

Report this user for behavior that violates our Community Guidelines.

Details: